Roman History by Picture - Statistics

General Stats
  • This quiz has been taken 26,591 times
  • The average score is 11 of 16
Answer Stats
Picture Hint Answer % Correct
specific building Colosseum
98%
arena fighter Gladiator
90%
erupted in 79 A.D. Mount {Vesuvius}
88%
type of structure Aqueduct
83%
founders of Rome Romulus and Remus
82%
formal garment Toga
82%
wall in England {Hadrian}'s Wall
79%
emperor Augustus
78%
assembly of leading men Senate
74%
temple to all gods Pantheon
68%
rival empire {Parthian} Empire
66%
third century B.C. conflict Second {Punic} War
65%
style of art using tiles Mosaic
63%
leader of 80 soldiers Centurion
50%
two-faced god Janus
38%
everyday garment Tunic
37%
No matching quizzes found
Score Distribution
Percent of People with Each Score
Percentile by Number Answered
Your Score History
You have not taken this quiz